| 000 | 00801nas a2200265 4500 | ||
|---|---|---|---|
| 001 | BR0702351 | ||
| 003 | BR-BrBNA | ||
| 005 | 20231205110824.0 | ||
| 007 | ta | ||
| 008 | 230509b bl.|||p| |||| 00| 00por d | ||
| 040 |
_aBR-BrBNA _bpor _cBiblioteca Nacional de Agricultura |
||
| 041 | _a(Pt) | ||
| 072 | _aE16 | ||
| 110 | 1 |
_aInstituto de Economia Agrícola, São Paulo, SP (Brasil) _96029 |
|
| 245 | 1 | _aEstatísticas | |
| 650 | _aAGRICULTURA | ||
| 650 | _aPREÇO | ||
| 650 | _aTERRA | ||
| 650 | _aARRENDAMENTO RURAL | ||
| 650 | _aDADOS ESTATÍSTICOS | ||
| 650 | _aSÃO PAULO | ||
| 773 | 0 |
_tInformações Econômicas - Instituto de Economia Agrícola (Brazil) _xISSN 0100-4409 _g(Mar 2007), v. 37(3) p. 61-111 _wBR0702351 |
|
| 909 |
_a202311 _bLúcia _c55 _dLúcia Elande |
||
| 942 |
_2AGRIS _n0 _cANA |
||
| 999 |
_c189251 _d189251 |
||